<The> Wall Street Journal on Accounting

Gespeichert in:
Bibliographische Detailangaben
1. Verfasser: Berton, Lee
Weitere Verfasser: Schiff, Jonathan B.
Format: Buch
Sprache:Englisch
Veröffentlicht: Homewood Irwin 1990
Ausgabe:1. ed.
Schlagworte:
Tags: Tag hinzufügen
Keine Tags, Fügen Sie das erste Tag hinzu!

MARC

LEADER 00000nam a2200000 4500
001 c002424
005 20221215114608.2
020 |a 1-55623-225-X 
041 0 |a eng 
044 |a US 
245 1 0 |a <The> Wall Street Journal on Accounting  |c Lee Berton, Jonathan B. Schiff 
250 |a 1. ed. 
264 1 |a Homewood  |b Irwin  |c 1990 
300 |a 471 s. 
610 2 0 |a účtovníctvo 
610 2 0 |a účtovníctvo finančné 
610 2 0 |a marketing 
610 2 0 |a dane z príjmov 
610 2 0 |a dôchodky starobné 
610 2 0 |a cash flow 
610 2 0 |a dlhy 
610 2 0 |a dane 
610 2 0 |a reformy daňové 
610 2 0 |a vláda 
610 2 0 |a priemysel 
610 2 0 |a služby finančné 
100 1 |a Berton, Lee 
700 1 |a Schiff, Jonathan B.